Normal view
MARC view
- Puri S Ed. & Patel K Ed
Entry Personal Name
001 - CONTROL NUMBER
- control field: 29865
003 - CONTROL NUMBER IDENTIFIER
- control field: OSt
005 - DATE AND TIME OF LATEST TRANSACTION
- control field: 20220803173551.0
008 - FIXED-LENGTH DATA ELEMENTS
- fixed length control field: 220803|| aca||aabn | a|a d
040 ## - CATALOGING SOURCE
- Original cataloging agency: OSt
- Transcribing agency: OSt
100 ## - HEADING--PERSONAL NAME
- Personal name: Puri S Ed. & Patel K Ed
670 ## - SOURCE DATA FOUND
- Source citation: Work cat.: (OSt)18711: Puri S Ed. & Patel K Ed., SID 25Curriculum Exposition : Space Planning .-9789383184064, 2015